El istmo cruje: es que el Canal se subleva

Đã lưu trong:
Chi tiết về thư mục
Định dạng: Texto
Các nhãn: Thêm thẻ
Không có thẻ, Là người đầu tiên thẻ bản ghi này!

MARC

LEADER 00000 a a2200000 04500
001 46864
003
040
245 |a El istmo cruje:   |b es que el Canal se subleva  
773 |a páginas 324-350  
999 |c 30390  |d 30390